| 000 | 01062nam a2200301 4500 | ||
|---|---|---|---|
| 001 | 0000022990 | ||
| 003 | CO-CtgCURN | ||
| 005 | 20250329191024.0 | ||
| 007 | ta | ||
| 008 | 160627s2002 000 0 eng d | ||
| 020 | _a958655628X | ||
| 040 |
_aCO-CtgCURN _bspa _ccoctgcurn |
||
| 082 | 0 |
_a660.6 _bA864v |
|
| 100 | 1 | _aAtehortua Garces, Lucia. | |
| 245 | 1 | 0 |
_aVida para la vida / _cLucia Atehortua Garces. |
| 260 |
_aMedellin : _bUniversidad de Antioquia, _c2002. |
||
| 300 | _a37 p. | ||
| 336 | _2rdacontent | ||
| 337 |
_2rdamedia _asin mediacion _bn |
||
| 338 |
_2rdacarrier _avolumen _bnc |
||
| 490 | 1 |
_aLegado del saber : contribuciones de la Universidad de Antioquia al conocimiento ; _v4 |
|
| 504 | _aReferencias bibliograficas (p. 37) | ||
| 505 | 8 | _aDimension política y economica.--Consideraciones para un plan estrategico.--Biotecnología en la Universidad de Antioquia | |
| 650 | 1 | 4 | _aBiotecnología. |
| 908 | _a160627 | ||
| 942 |
_cBK _h660.6 _iA864v _2ddc |
||
| 999 |
_c11397 _d11397 |
||